[Event "RUS-ch blitz"]
[Site "Sochi"]
[Date "2019.10.17"]
[Round "1"]
[White "Yuffa, Daniil"]
[Black "Gimadutdinov, Ilnur"]
[Result "1-0"]
[WhiteElo "2577"]
[BlackElo "2146"]
[PlyCount "63"]
[EventDate "2019.10.17"]
[EventType "swiss (blitz)"]
[EventRounds "15"]
[EventCountry "RUS"]
[SourceTitle "CBM 192 Extra"]
[Source "Chessbase"]
[SourceDate "2019.11.06"]
[SourceVersion "1"]
[SourceVersionDate "2019.11.06"]
[SourceQuality "1"]

1. e4 c5 2. Nf3 d6 3. d4 cxd4 4. Nxd4 Nf6 5. Nc3 Nc6 6. Bg5 e6 7. Qd2 Be7 8. 0-0-0 0-0 9. f3 Nxd4 10. Qxd4 Qa5 11. h4 a6 12. Kb1 b5 13. Qd2 b4 14. Ne2 Bb7 15. Nd4 h6 16. Be3 d5 17. e5 Nd7 18. f4 Nc5 19. Nb3 Nxb3 20. cxb3 Qc7 21. Bd4 a5 22. Bb5 Ba6 23. Rc1 Qd8 24. Bc6 Rc8 25. g4 Rb8 26. f5 exf5 27. gxf5 Bc8 28. f6 Bf5+ 29. Ka1 g6 30. fxe7 Qxe7 31. Qxh6 Be6 32. Bc5 1-0

[Event "RUS-ch blitz"]
[Site "Sochi"]
[Date "2018.10.07"]
[Round "1.31"]
[White "Gimadutdinov, Ilnur"]
[Black "Vastrukhin, Oleg"]
[Result "0-1"]
[WhiteElo "2148"]
[BlackElo "2413"]
[PlyCount "76"]
[EventDate "2018.10.07"]
[EventType "swiss (blitz)"]
[EventRounds "20"]
[EventCountry "RUS"]
[SourceTitle "CBM 186 Extra"]
[Source "ChessBase"]
[SourceDate "2018.08.24"]
[SourceVersion "1"]
[SourceVersionDate "2018.08.24"]
[SourceQuality "1"]

1. e4 e6 2. d4 d5 3. Nd2 a6 4. Ngf3 Bd7 5. Be2 Bb5 6. 0-0 Nf6 7. a4 Bxe2 8. Qxe2 Be7 9. Re1 0-0 10. c3 dxe4 11. Nxe4 Nbd7 12. Ng3 c5 13. Be3 Qc7 14. Rad1 Rfd8 15. Bg5 Rac8 16. d5 Nf8 17. dxe6 Nxe6 18. Nf5 Rxd1 19. Rxd1 h6 20. Nxe7+ Qxe7 21. Bh4 Re8 22. Re1 g5 23. Bg3 Qd7 24. Ne5 Qxa4 25. Qf3 Nf4 26. Qxb7 Rxe5 27. Qb8+ Re8 28. Rxe8+ Qxe8 29. Qxe8+ Nxe8 30. f3 c4 31. Kf2 Nd3+ 32. Ke3 Nxb2 33. Kd4 f5 34. Be5 a5 35. h4 a4 36. hxg5 hxg5 37. f4 a3 38. fxg5 a2 0-1

[Event "RUS-ch blitz"]
[Site "Sochi"]
[Date "2018.10.07"]
[Round "2.31"]
[White "Vastrukhin, Oleg"]
[Black "Gimadutdinov, Ilnur"]
[Result "1-0"]
[WhiteElo "2413"]
[BlackElo "2148"]
[PlyCount "83"]
[EventDate "2018.10.07"]
[EventType "swiss (blitz)"]
[EventRounds "20"]
[EventCountry "RUS"]
[SourceTitle "CBM 186 Extra"]
[Source "ChessBase"]
[SourceDate "2018.08.24"]
[SourceVersion "1"]
[SourceVersionDate "2018.08.24"]
[SourceQuality "1"]

1. g3 Nf6 2. Bg2 d5 3. Nf3 g6 4. 0-0 Bg7 5. d4 0-0 6. Nbd2 c5 7. dxc5 Na6 8. Nb3 Bg4 9. Ne5 Bf5 10. c4 e6 11. cxd5 exd5 12. Nd3 Rc8 13. Be3 Ng4 14. Bd4 Bxd4 15. Nxd4 Qf6 16. Nxf5 Qxf5 17. b4 Rfe8 18. Rc1 Nc7 19. h3 Nf6 20. e3 Re7 21. Nf4 Rce8 22. a4 a6 23. Qd3 Ne4 24. b5 g5 25. Ne2 axb5 26. axb5 Nxg3 27. Qxf5 Nxf5 28. b6 Na6 29. Bxd5 Nb4 30. Rfd1 Nxe3 31. fxe3 Rxe3 32. Bc4 Rxh3 33. Rd7 Rf3 34. Rf1 Rxf1+ 35. Kxf1 Re4 36. Bxf7+ Kf8 37. Rxb7 Re5 38. Bb3 Rxc5 39. Rxh7 Rb5 40. b7 Nd3 41. Rh8+ Kg7 42. b8Q 1-0

[Event "RUS-ch rapid"]
[Site "Sochi"]
[Date "2018.10.05"]
[Round "1.12"]
[White "Grachev, Boris V"]
[Black "Gimadutdinov, Ilnur"]
[Result "1-0"]
[WhiteElo "2626"]
[BlackElo "2148"]
[PlyCount "57"]
[EventDate "2018.10.05"]
[EventType "swiss (rapid)"]
[EventRounds "11"]
[EventCountry "RUS"]
[SourceTitle "CBM 186 Extra"]
[Source "ChessBase"]
[SourceDate "2018.08.24"]
[SourceVersion "1"]
[SourceVersionDate "2018.08.24"]
[SourceQuality "1"]

1. d4 Nf6 2. Bf4 g6 3. Nc3 d5 4. Qd2 Bg7 5. Bh6 0-0 6. Bxg7 Kxg7 7. 0-0-0 a6 8. f3 b5 9. e4 b4 10. Nxd5 Nxd5 11. exd5 Qxd5 12. Qxb4 Nc6 13. Qc5 Qxc5 14. dxc5 Be6 15. Ne2 a5 16. a3 a4 17. Nf4 Ra5 18. Nxe6+ fxe6 19. Rd7 Rc8 20. Bc4 Kf6 21. Re1 Ne5 22. Rd4 Rxc5 23. Ba2 g5 24. Re3 Ra8 25. h4 h6 26. f4 Nc6 27. fxg5+ hxg5 28. Rxe6+ Kf5 29. g4# 1-0

[Event "Urals-ch 72nd"]
[Site "Tiumen"]
[Date "2014.03.26"]
[Round "7"]
[White "Matsenko, Andrei"]
[Black "Gimadutdinov, Ilnur"]
[Result "1/2-1/2"]
[WhiteElo "2272"]
[BlackElo "2158"]
[PlyCount "80"]
[EventDate "2014.03.20"]
[EventType "swiss"]
[EventRounds "9"]
[EventCountry "RUS"]
[SourceTitle "CBM 159 Extra"]
[Source "ChessBase"]
[SourceDate "2014.04.24"]
[SourceVersion "1"]
[SourceVersionDate "2014.04.24"]
[SourceQuality "1"]

1. e4 c5 2. Nf3 Nc6 3. d4 cxd4 4. Nxd4 Nf6 5. Nc3 d6 6. Bg5 e6 7. Qd2 Be7 8. 0-0-0 0-0 9. f4 Nxd4 10. Qxd4 Qa5 11. e5 dxe5 12. Qxe5 Qxe5 13. fxe5 Nd5 14. Bxe7 Nxe7 15. Bd3 b6 16. Be4 Rb8 17. Rhe1 Bb7 18. Rd6 Bxe4 19. Rxe4 h5 20. Nb5 Rb7 21. c4 a6 22. Nc3 Nf5 23. Rd3 Rc8 24. b3 Kf8 25. Kb2 Ke7 26. b4 g5 27. h3 Rh8 28. Na4 Nh4 29. g3 Ng6 30. c5 b5 31. Nc3 h4 32. gxh4 Rxh4 33. Rd6 Ra7 34. Rb6 Rxe4 35. Nxe4 Nxe5 36. Kc3 f6 37. Nd6 Kd7 38. Ne4 Ke7 39. Nd6 Kd7 40. Ne4 Ke7 1/2-1/2

[Event "Urals-ch 72nd"]
[Site "Tiumen"]
[Date "2014.03.20"]
[Round "1"]
[White "Sannikov, Nikita"]
[Black "Gimadutdinov, Ilnur"]
[Result "0-1"]
[WhiteElo "1795"]
[BlackElo "2158"]
[PlyCount "116"]
[EventDate "2014.03.20"]
[EventType "swiss"]
[EventRounds "9"]
[EventCountry "RUS"]
[SourceTitle "CBM 159 Extra"]
[Source "ChessBase"]
[SourceDate "2014.04.24"]
[SourceVersion "1"]
[SourceVersionDate "2014.04.24"]
[SourceQuality "1"]

1. e4 c5 2. Nf3 Nc6 3. d4 cxd4 4. Nxd4 e5 5. Nb3 Nf6 6. Nc3 Bb4 7. Bd3 d5 8. exd5 Nxd5 9. Bd2 Nxc3 10. Bxc3 Bxc3+ 11. bxc3 0-0 12. 0-0 b6 13. Qf3 Bb7 14. Rad1 Qc7 15. Qh3 g6 16. Be4 Rad8 17. Rd2 Rxd2 18. Nxd2 Rd8 19. Nf3 Kg7 20. Qg3 f6 21. Nh4 Ne7 22. Bxb7 Qxb7 23. f4 Qc7 24. fxe5 Qc5+ 25. Qf2 Qxf2+ 26. Kxf2 fxe5 27. Nf3 Rc8 28. Nxe5 Rxc3 29. Ke2 Rxc2+ 30. Kd3 Rc7 31. Rf7+ Kg8 32. a4 a6 33. Ke4 b5 34. Rf6 Ra7 35. Nc6 Nxc6 36. Rxc6 bxa4 37. Rc4 Kf7 38. Rxa4 Ke6 39. g4 a5 40. Kd4 Kd6 41. Kc4 Kc6 42. Kb3 Kd6 43. Kc3 Kc5 44. Kb3 Kb5 45. Re4 a4+ 46. Ka3 Kc5 47. h4 Kd5 48. Rb4 Ke5 49. Rc4 Ra6 50. Rc7 h6 51. Rb7 g5 52. Rb1 Kf4 53. hxg5 hxg5 54. Rb4+ Kg3 55. Rd4 Rf6 56. Rxa4 Rf4 57. Ra8 Kxg4 58. Kb2 Rc4 0-1

[Event "Khanty-Mansiysk Governor Cup 7th"]
[Site "Khanty-Mansiysk"]
[Date "2011.09.07"]
[Round "8"]
[White "Gimadutdinov, Ilnur"]
[Black "Gordeev, Sergey"]
[Result "0-1"]
[WhiteElo "2211"]
[BlackElo "1998"]
[PlyCount "46"]
[EventDate "2011.08.31"]
[EventType "swiss"]
[EventRounds "9"]
[EventCountry "RUS"]
[SourceTitle "CBM 144 Extra"]
[Source "ChessBase"]
[SourceDate "2011.10.28"]
[SourceVersion "1"]
[SourceVersionDate "2011.10.28"]
[SourceQuality "1"]

1. e4 e5 2. f4 d5 3. exd5 e4 4. d3 Nf6 5. dxe4 Nxe4 6. Nf3 Bc5 7. Qe2 f5 8. Nc3 0-0 9. Nxe4 fxe4 10. Qxe4 Bf5 11. Qc4 Nd7 12. Ne5 b5 13. Qxb5 Rb8 14. Qe2 Nxe5 15. fxe5 Rb4 16. c4 Qh4+ 17. g3 Qd4 18. h3 Be4 19. Rh2 Bf3 20. Be3 Qxe5 21. Bf4 Bxe2 22. Bxe5 Rxf1+ 23. Kxe2 Rxa1 0-1

[Event "Khanty-Mansiysk Governor Cup 7th"]
[Site "Khanty-Mansiysk"]
[Date "2011.09.06"]
[Round "7"]
[White "Vokarev, Sergey"]
[Black "Gimadutdinov, Ilnur"]
[Result "1-0"]
[WhiteElo "2431"]
[BlackElo "2211"]
[PlyCount "57"]
[EventDate "2011.08.31"]
[EventType "swiss"]
[EventRounds "9"]
[EventCountry "RUS"]
[SourceTitle "CBM 144 Extra"]
[Source "ChessBase"]
[SourceDate "2011.10.28"]
[SourceVersion "1"]
[SourceVersionDate "2011.10.28"]
[SourceQuality "1"]

1. e4 c5 2. Nf3 Nc6 3. Bb5 g6 4. 0-0 Bg7 5. Re1 Nf6 6. Nc3 0-0 7. e5 Ne8 8. Bxc6 dxc6 9. h3 Nc7 10. d3 Nd5 11. Ne4 b6 12. a3 h6 13. Qe2 Bd7 14. c4 Nc7 15. b4 f5 16. exf6 exf6 17. Bb2 cxb4 18. axb4 Re8 19. Qc2 Bf5 20. Nd4 Qd7 21. Nxf5 Qxf5 22. Re3 Rf8 23. Rf3 Qe6 24. Re1 Kh8 25. Qd2 Rae8 26. Ree3 Rd8 27. Nxf6 Qxc4 28. Re7 Qh4 29. g3 1-0

[Event "Khanty-Mansiysk Governor Cup 7th"]
[Site "Khanty-Mansiysk"]
[Date "2011.09.05"]
[Round "6"]
[White "Gimadutdinov, Ilnur"]
[Black "Kitaev, Ilya"]
[Result "1-0"]
[WhiteElo "2211"]
[BlackElo "1898"]
[PlyCount "67"]
[EventDate "2011.08.31"]
[EventType "swiss"]
[EventRounds "9"]
[EventCountry "RUS"]
[SourceTitle "CBM 144 Extra"]
[Source "ChessBase"]
[SourceDate "2011.10.28"]
[SourceVersion "1"]
[SourceVersionDate "2011.10.28"]
[SourceQuality "1"]

1. e4 e6 2. d4 d5 3. Nd2 Nf6 4. e5 Nfd7 5. f4 c5 6. c3 Nc6 7. Ndf3 Qb6 8. g3 cxd4 9. cxd4 Bb4+ 10. Kf2 f6 11. Be3 0-0 12. Bh3 fxe5 13. fxe5 Ndxe5 14. dxe5 d4 15. Bf4 Be7 16. Qb3 Qxb3 17. axb3 g5 18. Bd2 h5 19. Bg2 g4 20. Bf4 gxf3 21. Nxf3 Bc5 22. Rhc1 Bb6 23. Kg1 Bd7 24. Ng5 Rac8 25. Ne4 Nb4 26. Nf6+ Rxf6 27. Rxc8+ Bxc8 28. exf6 d3+ 29. Kh1 Kf7 30. Be5 Be3 31. Bf3 Bc5 32. Bxh5+ Kf8 33. Ra5 b6 34. Rxc5 1-0

[Event "Kurgan op"]
[Site "Kurgan"]
[Date "2010.03.21"]
[Round "2"]
[White "Gutenev, Alexander"]
[Black "Gimadutdinov, Ilnur"]
[Result "0-1"]
[WhiteElo "2339"]
[BlackElo "2222"]
[PlyCount "104"]
[EventDate "2010.03.20"]
[EventType "swiss"]
[EventRounds "9"]
[EventCountry "RUS"]
[SourceTitle "CBM 135 Extra"]
[Source "ChessBase"]
[SourceDate "2010.05.04"]
[SourceVersion "1"]
[SourceVersionDate "2010.05.04"]
[SourceQuality "1"]

1. e4 c5 2. Nf3 Nc6 3. d4 cxd4 4. Nxd4 Nf6 5. Nc3 d6 6. Bc4 e6 7. Be3 Be7 8. Qe2 0-0 9. 0-0-0 Qc7 10. Bb3 a6 11. Rhg1 b5 12. g4 b4 13. Nxc6 Qxc6 14. Nd5 Nxd5 15. exd5 Qc7 16. dxe6 Bxe6 17. Bxe6 fxe6 18. g5 Rac8 19. Kb1 a5 20. Rd2 Qc4 21. Qd1 e5 22. Rd5 a4 23. Rg4 Qc7 24. Rxb4 a3 25. Qd3 axb2 26. Rxb2 Kh8 27. Rdb5 Qc6 28. Qd5 Qc3 29. Qd1 Rfd8 30. Rb7 Bf8 31. h4 d5 32. R2b3 Qc4 33. Bb6 Rd6 34. h5 d4 35. f3 Rdc6 36. Ba5 Qa6 37. R7b5 Rc4 38. Rxe5 Bd6 39. Reb5 Qc6 40. Rb6 Qd5 41. Qd2 Ra4 42. R6b5 Qe6 43. Qd3 Rxa5 44. Rxa5 Qe1+ 45. Kb2 Qxa5 46. g6 Qxh5 47. gxh7 Qa5 48. a3 Rc3 49. Qe4 Bxa3+ 50. Kb1 Rxb3+ 51. cxb3 Qd8 52. Qd3 Bb4 0-1

[Event "Kurgan op"]
[Site "Kurgan"]
[Date "2010.03.20"]
[Round "1"]
[White "Gimadutdinov, Ilnur"]
[Black "Dvoirys, Semen I"]
[Result "1-0"]
[WhiteElo "2222"]
[BlackElo "2551"]
[PlyCount "175"]
[EventDate "2010.03.20"]
[EventType "swiss"]
[EventRounds "9"]
[EventCountry "RUS"]
[SourceTitle "CBM 135 Extra"]
[Source "ChessBase"]
[SourceDate "2010.05.04"]
[SourceVersion "1"]
[SourceVersionDate "2010.05.04"]
[SourceQuality "1"]

1. e4 c5 2. Nc3 d6 3. f4 Nc6 4. Nf3 Bg4 5. Bb5 Rc8 6. 0-0 a6 7. Bxc6+ Rxc6 8. h3 Bxf3 9. Qxf3 e6 10. f5 Nf6 11. d3 Be7 12. Qg3 0-0 13. Bh6 Ne8 14. fxe6 fxe6 15. Qg4 Qc8 16. e5 dxe5 17. Ne4 Rf5 18. Ng3 Rxf1+ 19. Rxf1 Bf8 20. Qf3 Nd6 21. Bd2 Rc7 22. Qh5 c4 23. Qxe5 cxd3 24. cxd3 Nf7 25. Qe4 Rc2 26. Bc3 Qc5+ 27. d4 Qd6 28. Qxc2 Qxg3 29. Qf2 Qc7 30. Qe3 Qd7 31. Re1 Nd8 32. Qe4 Qa4 33. a3 Qb5 34. Kh1 h6 35. Rd1 Qc4 36. Qd3 Qd5 37. Qf3 Nc6 38. Qxd5 exd5 39. b4 Be7 40. Kg1 Kf7 41. Kf2 Ke6 42. Ke3 h5 43. g4 hxg4 44. hxg4 Na7 45. Kd3 Nc8 46. Re1+ Kd7 47. Re5 Nb6 48. Bd2 Bf6 49. Rf5 Ke6 50. Rf1 Nc4 51. Bc1 Nd6 52. Bf4 Nc4 53. Re1+ Kd7 54. Bc1 Be7 55. Rh1 Ke6 56. Rh8 Bd6 57. Re8+ Kf7 58. Rd8 Ke7 59. Rg8 Kf7 60. Ra8 Bg3 61. a4 Ke6 62. Rg8 Kf7 63. Ra8 Ke6 64. Ra7 Nd6 65. Ba3 Nc4 66. Bc1 Nd6 67. b5 axb5 68. axb5 Nxb5 69. Rxb7 Nc7 70. Bd2 Ne8 71. Rb6+ Kd7 72. Bb4 Bh4 73. Bd2 Bg3 74. Ke2 Bc7 75. Rg6 Bd8 76. Bf4 Bf6 77. Be5 Ke6 78. Bxf6 gxf6 79. Rh6 Kf7 80. Rh7+ Ke6 81. Kf3 Nd6 82. Ra7 Nb5 83. Ra6+ Ke7 84. Ke3 Nd6 85. Kd3 Nc4 86. Ke2 Nd6 87. Ke3 Ke6 88. Kf4 1-0

[Event "Tiumen UrFO-ch op"]
[Site "Tiumen"]
[Date "2009.05.09"]
[Round "6"]
[White "Postnikov, Daniil"]
[Black "Gimadutdinov, Ilnur"]
[Result "1/2-1/2"]
[WhiteElo "2116"]
[BlackElo "2227"]
[PlyCount "48"]
[EventDate "2009.05.04"]
[EventType "swiss"]
[EventRounds "9"]
[EventCountry "RUS"]
[SourceTitle "EXT 2010"]
[Source "ChessBase"]
[SourceDate "2010.11.25"]
[SourceVersion "1"]
[SourceVersionDate "2010.11.25"]
[SourceQuality "1"]

1. e4 c5 2. Nf3 Nc6 3. Nc3 d6 4. d4 cxd4 5. Nxd4 Nf6 6. Bg5 e6 7. Qd2 Be7 8. f3 h6 9. Be3 a6 10. 0-0-0 e5 11. Nf5 Bxf5 12. exf5 b5 13. Ne4 Nxe4 14. fxe4 Rc8 15. Kb1 0-0 16. h4 Qa5 17. Qxa5 Nxa5 18. b3 Rc6 19. Bd2 Nb7 20. c4 Nc5 21. Re1 Rb8 22. g4 Kf8 23. g5 h5 24. Rh3 g6 1/2-1/2